Stadsdelar i Malmö - Statistics

General Stats
  • This quiz has been taken 9 times
  • The average score is 8 of 19
Answer Stats
Första bokstaven Answer % Correct
L Limhamn
100%
B Bunkeflo
71%
H Husie
43%
H Hyllie
43%
K Kirseberg
43%
J Malmö Sankt Johannes
43%
P Malmö Sankt Pauli
43%
P Malmö Sankt Petri
43%
O Oxie
43%
S Södra Sallerup
43%
T Tygelsjö
43%
V Västra Klagstorp
43%
V Västra Skrävlinge
43%
E Eriksfält
29%
F Fosie
29%
K Kulladal
29%
M Möllevången
29%
S Slottsstaden
14%
S Sofielund
14%
No matching quizzes found
Score Distribution
Percent of People with Each Score
Percentile by Number Answered
Your Score History
You have not taken this quiz